Normal view
MARC view
- Aritmética
Entry Materia
001 - NÚMERO DE CONTROL DEL REGISTRO
- campo de control: 7858
003 - IDENTIFICADOR DE NUMERO DE CONTROL
- campo de control: MX-MxUPN
005 - FECHA Y HORA DE LA ÚLTIMA TRANSACCIÓN
- campo de control: 20241022113628.0
008 - DATOS DE LONGITUD FIJA
- campo de control de longitud fija: 241022n||acnnnbabn n ana |d
035 ## - NÚMERO DE CONTROL DEL SISTEMA
- Número de control del sistema: UPN10000007863
040 ## - FUENTE DE LA CATALOGACIÓN
- Lengua de catalogación: spa
- Agencia de transcripción: MX-MxUPN
- Centro catalogador de origen: MX-MxUPN
053 #4 - NÚMERO CLASIFICADOR - BIBLIOTECA DEL CONGRESO (LC)
- Elemento numérico de la clasificación - Número único o no. inicial del rango: QA117
150 ## - ENCABEZAMIENTO - TEMÁTICO
- Término de materia o nombre geográfico como elemento inicial: Aritmética
- Subdivisión de materia general: Fundamentos
670 ## - FUENTE EN LA QUE SE LOCALIZARON DATOS
- Cita de la fuente: LEMB, 1998 :
- Información localizada: página 86 (Aritmética -- Fundamentos)
902 ## - CATALOGADOR
- Catalogador: MCM/040996
- Catalogador: MaríaRobles/221024
